| 000 | 01606aam a2200337 a 4500 | ||
|---|---|---|---|
| 001 | 016111195 | ||
| 003 | OSt | ||
| 005 | 20131010131518.0 | ||
| 008 | 120430s2013 nyua b 001 0 eng | ||
| 020 | _a9780415681308 (hardback) : | ||
| 020 | _a0415681308 (hardback) : | ||
| 020 | _a9780415681315 (paperback) : | ||
| 020 | _a0415681316 (paperback) : | ||
| 020 | _z9780203084441 (ebk) : | ||
| 082 | 0 | 0 |
_a337 _223 _bCLE |
| 100 | 1 |
_aCleaver, Tony, _d1947- _934063 |
|
| 245 | 1 | 0 |
_aUnderstanding the world economy / _cTony Cleaver. |
| 250 | _a4th ed. | ||
| 260 |
_aNew York : _bRoutledge, _c2013. |
||
| 300 |
_axiv, 289 p. : _bill. ; _c25 cm. |
||
| 500 |
_aFormerly CIP. _5Uk |
||
| 504 | _aIncludes bibliographical references and index. | ||
| 505 | 0 | _aGoing to market -- Market failure and the great debate -- Unemployment and inflation -- Free trade, regional agreements and job losses -- The trade in primary resources : blessing or curse? -- Customs unions and common markets -- Money, banking and international finance -- Exchange rates and currency union -- Financial crises, sovereign debt and future reform -- Economic development, growth and inequality -- The economics of terrorism -- Environmental economics : sustaining spaceship earth -- Conclusion : what future awaits us in the twenty-first century and beyond?. | |
| 650 | 0 |
_aInternational trade. _934064 |
|
| 650 | 0 |
_aEconomic development. _934065 |
|
| 650 | 0 |
_aDebts, External. _97015 |
|
| 650 | 0 |
_aEnvironmental economics. _934066 |
|
| 650 | 0 |
_aForeign exchange. _934067 |
|
| 653 |
_bEco _cOctober2013 |
||
| 942 |
_2ddc _cBB _k337 CLE |
||
| 999 |
_c17641 _d17613 |
||